| 000 | 00582nam a22001577a 4500 | ||
|---|---|---|---|
| 082 | _a670.5 | ||
| 100 | _aMuhammad Amir Habib | ||
| 245 |
_aEnhancing Process Capability Using DMAIC Approach in Shoe Manufacturing Industry / _cMuhammad Amir Habib |
||
| 260 |
_aIslamabad : _bSMME - NUST, _c2016. |
||
| 300 |
_aUnpaged. ; _c30cm. |
||
| 650 |
_aDesign & Manufacturing Engineering-MS-Thesis _917179 |
||
| 700 |
_aDr Shahid I Butt _9120315 |
||
| 856 | _uhttp://10.250.8.41:8080/xmlui/handle/123456789/10704 | ||
| 942 |
_2ddc _cTHE |
||
| 999 |
_c541147 _d541147 |
||